|
|
|
|
| LEADER |
01170nam a2200373 4500 |
| 001 |
DLU090094028 |
| 005 |
##20091201 |
| 040 |
# |
# |
|a DLU
|b eng
|
| 041 |
# |
# |
|a eng
|
| 044 |
# |
# |
|a us
|
| 245 |
# |
# |
|a Spectroscopic studies of the biosorption of gold(III) by dealginated seaweed waste /
|c Maria E. Romero-Gonzalez ... [et al.].
|
| 653 |
# |
# |
|a Biological purification
|
| 653 |
# |
# |
|a Esterification
|
| 653 |
# |
# |
|a EXAFS spectrometry
|
| 653 |
# |
# |
|a Fourier transform spectroscopy
|
| 653 |
# |
# |
|a Heavy metal
|
| 653 |
# |
# |
|a Infrared spectrometry
|
| 653 |
# |
# |
|a Scanning electron microscopy
|
| 653 |
# |
# |
|a Seaweeds
|
| 700 |
# |
# |
|a Gardiner, Philip H. E.
|
| 700 |
# |
# |
|a Gurman, Steve J.
|
| 700 |
# |
# |
|a Habesh, Stephen.
|
| 700 |
# |
# |
|a Romero-Gonzalez, Maria E.
|
| 700 |
# |
# |
|a Williams, Ceri J.
|
| 773 |
# |
# |
|t Environmental Science & Technology
|g Vol. 37, no. 18 (September 2003), p. 4163-4169
|
| 920 |
# |
# |
|a Phòng Tạp chí -- Trung tâm Thông tin - Thư viện Trường Đại học Đà Lạt
|
| 994 |
# |
# |
|a DLU
|
| 900 |
# |
# |
|a True
|
| 911 |
# |
# |
|a Trương Bảo Trâm Anh
|
| 925 |
# |
# |
|a G
|
| 926 |
# |
# |
|a A
|
| 927 |
# |
# |
|a BB
|
| 980 |
# |
# |
|a Thư viện Trường Đại học Đà Lạt
|